000 01751nam a2200349Ia 4500
999 _c49449
_d49449
001 16372
003 GE_BSU
005 20230306151753.0
008 181216s||||||||xx |||||||||||||| ||und||
020 _aISBN: 978-9941-23-107-0(ლუკიანოსი)
040 _cGE_BSU
041 _ageo
080 _a821.14'01-94
100 _aლუკიანოსი
_917114
245 _aრჩეული თხზულებანი
245 _cმთარგმნ.მარი ფიჩხაძე,რუსუდან კახიძე,ნანა ტონია
260 _aთბილისი
260 _bბაკურ სულაკაურის გამ-ბა
260 _c2014
300 _a409 გვ. ;
_c22 სმ.
490 _aმსოფლიო ლიტერატურის ბიბლიოთეკა : ანტიკური მწერლობა
_v27
500 _aყდაზე:"ვულკანი ბორკილებს ადებს პრომეთეს",1623, დირკ ვან ბაბურენი.ამსტერდამის სახელმწიფო მუზეუმი
541 _h12ლ.
653 _aთზულებანი
653 _aლიტერატურა
653 _aრჩეული თხზულებანი
700 _aგოგუაძე, ემზარ
_eრედაქტორი
_917115
700 _aფიჩხაძე, მარი
_eმთარგმნელი
_917116
700 _aკახიძე, რუსუდან
_eმთარგმნელი
_917117
700 _aტონია, ნანა
_eმთარგმნელი
_917118
942 _cBK
_2udc